Movies Quiz

Random Movies or Quote Quiz
Score 0/20 Timer 06:00
1 Play Today
% Correct
Charlie and the Chocolate Factory
87.8%
Alice In Wonderland
87.7%
Sleepy Hollow
84.3%
Chocolat
76.5%
Edward Scissorhands
74.7%
Blow
68.8%
Pirates of the Caribbean: Curse of the Black Pearl
68.6%
Corpse Bride
67.9%
Sweeney Todd: The Demon Barber of Fleet Street
66.1%
Fear and Loathing in Las Vegas
60.2%
% Correct
Ed Wood
59.7%
Finding Neverland
55.7%
Benny & Joon
53.7%
The Libertine
50%
A Nightmare on Elm Street
49.2%
Once Upon a Time in Mexico
41.9%
Don Juan DeMarco
35.8%
Public Enemies
33.9%
Cry-Baby
33.1%
Rango
23.4%
Remove Ads.
Support Sporcle.
Get the best of Sporcle when you Go Orange. This ad-free experience offers more features, more stats, and more fun while also helping to support Sporcle. Thank you for becoming a member.

You're not logged in!

Compare scores with friends on all Sporcle quizzes.
OR
Log In

Show Comments

Extras

Top Quizzes Today


Score Distribution

Your Account Isn't Verified!

In order to create a playlist on Sporcle, you need to verify the email address you used during registration. Go to your Sporcle Settings to finish the process.

Report this User

Report this user for behavior that violates our Community Guidelines.

Details: